| 000 | 00625nab a2200181 4500 | ||
|---|---|---|---|
| 001 | 244442 | ||
| 003 | OSt | ||
| 005 | 20250820083238.0 | ||
| 007 | tu | ||
| 008 | 200917s2020||||||| | ||
| 040 |
_aDE-2950 _cDE-2950 |
||
| 245 | 0 | 0 |
_aRiesenparty am Helenesee _bGroßevent. Die "Bucht der Träumer*" ist gestartet. Die Stadt hat das Festival für 15.000 Menschen genehmigt - mit welchen Auflagen? _cLisa Larossa, René Matschkowiak |
| 264 | _c2024 | ||
| 653 | _aFrankfurt (Oder) | ||
| 653 | _a"Bucht der Träumer*" | ||
| 773 | 0 |
_g36. Jahrgang (2025) Nr. 190 vom 16.08.2025, S. 15 mit Foto _tMärkische Oderzeitung |
|
| 942 |
_2z _cA |
||
| 999 |
_c373963 _d373963 |
||